000 00681nam a2200169 i 4500
001 189569
003 ES-MaACL
005 20250713041044.0
008 190620s1905 sp |||| | spa d
245 0 0 _aTercer Centenario del Quijote, mayo 1905.
260 _a[S.n. :
_bs.l.,
_c1905]
300 _a1 carpeta ;
_ccm.
505 8 _aContiene: (Una gran carpeta con la colección de varios periódicos...)
600 1 4 _aCervantes Saavedra, Miguel de,
_d1547-1616.
_tDon Quijote de la Mancha-
_vAniversarios y centenarios
_937614
852 _aES-MaACL
_jB-7739
_x- Ejemplar no examinado, catalogación con la información de la ficha topográfica
999 _c189569
_d189569